Introducción a la arqueología de Creta
Shranjeno v:
| Glavni avtor: | |
|---|---|
| Format: | Knjiga |
| Jezik: | španščina |
| Izdano: |
Ciudad de México
Fondo de Cultura Económica
1965
|
| Serija: | Sección de obras de arqueología
|
| Teme: | |
| Oznake: |
Označite
Brez oznak, prvi označite!
|
MARC
| LEADER | 00000nam a2200000 a 4500 | ||
|---|---|---|---|
| 001 | UCV8511 | ||
| 003 | CL-VaPUC | ||
| 008 | 910912e19650000MX |||||||||||||||||spa|d | ||
| 082 | 0 | 4 | |a 930.13918 |b PEN |2 21 |
| 100 | 0 | |a Pendlebury, J. D. S |e author |9 302555 | |
| 245 | 1 | 0 | |a Introducción a la arqueología de Creta |
| 300 | |a 478 p | ||
| 942 | |c BK | ||
| 945 | |d 19910912 00:00:00 | ||
| 260 | |a Ciudad de México |b Fondo de Cultura Económica |c 1965 | ||
| 650 | 0 | |a Arqueología clásica |9 266768 | |
| 650 | 0 | |a Arqueología |9 265619 | |
| 651 | 7 | |a CRETA |2 CL-VaPUC |9 266769 | |
| 583 | |a last modification |c 19910912 00:00:00 |k Rodrigo Vera | ||
| 490 | 0 | |a Sección de obras de arqueología | |
| 999 | |c 214019 |d 214017 | ||
| 952 | |0 0 |1 0 |4 0 |6 930_139180000000000_PEN_1965 |7 0 |8 A |9 197008 |a BIBARQ |b BIBARQ |d 2019-11-14 |i 2647508 |o 930.13918 PEN 1965 |p 2647508 |r 2025-01-20 |w 2019-11-14 |y BK |k ARQ | ||